<?xml version="1.0" encoding="UTF-8"?><?xml-stylesheet type="text/xsl" href="static/style.xsl"?><OAI-PMH xmlns="http://www.openarchives.org/OAI/2.0/" xmlns:xsi="http://www.w3.org/2001/XMLSchema-instance" xsi:schemaLocation="http://www.openarchives.org/OAI/2.0/ http://www.openarchives.org/OAI/2.0/OAI-PMH.xsd"><responseDate>2026-04-30T05:10:51Z</responseDate><request verb="GetRecord" identifier="oai:uvadoc.uva.es:10324/33460" metadataPrefix="marc">https://uvadoc.uva.es/oai/request</request><GetRecord><record><header><identifier>oai:uvadoc.uva.es:10324/33460</identifier><datestamp>2025-02-17T13:34:59Z</datestamp><setSpec>com_10324_30605</setSpec><setSpec>com_10324_894</setSpec><setSpec>col_10324_41</setSpec></header><metadata><record xmlns="http://www.loc.gov/MARC21/slim" xmlns:doc="http://www.lyncode.com/xoai" xmlns:xsi="http://www.w3.org/2001/XMLSchema-instance" xmlns:dcterms="http://purl.org/dc/terms/" xsi:schemaLocation="http://www.loc.gov/MARC21/slim http://www.loc.gov/standards/marcxml/schema/MARC21slim.xsd">
<leader>00925njm 22002777a 4500</leader>
<datafield tag="042" ind1=" " ind2=" ">
<subfield code="a">dc</subfield>
</datafield>
<datafield tag="720" ind1=" " ind2=" ">
<subfield code="a">Llamas Fernández, José María</subfield>
<subfield code="e">author</subfield>
</datafield>
<datafield tag="260" ind1=" " ind2=" ">
<subfield code="c">2018</subfield>
</datafield>
<datafield tag="520" ind1=" " ind2=" ">
<subfield code="a">Las tareas de documentación digital del patrimonio arquitectónico requieren del manejo de muy diferentes tipos de datos. Los sistemas actuales de captura de datos permiten obtener enormes volúmenes de datos. Sin embargo la extracción de información que resulte útilpara la documentación digital supone un importante reto de investigación.&#xd;
Esta tesis se centra en el estudio y diseño de sistemas y metodologías que permitan extraer información relevante a partir de datos 20 y 30 utilizando técnicas de procesamiento de nubes de puntos, extracción automática de líneas características, superposición de imágenes a modelos tridimensionales para la obtención de modelos con información multicapa y ortofotos, y empleo de técnicas de inteligencia artificial (aprendizaje profundo) para el análisis y clasificación de imágenes de patrimonio arquitectónico.Se presentan también casos de uso realizados como la proyección de policromías sobre edificios patrimoniales, y por último se muestran los resultados obtenidos considerados más representativos</subfield>
</datafield>
<datafield tag="024" ind2=" " ind1="8">
<subfield code="a">http://uvadoc.uva.es/handle/10324/33460</subfield>
</datafield>
<datafield tag="024" ind2=" " ind1="8">
<subfield code="a">b1809133</subfield>
</datafield>
<datafield tag="024" ind2=" " ind1="8">
<subfield code="a">10.35376/10324/33460</subfield>
</datafield>
<datafield ind1=" " ind2=" " tag="653">
<subfield code="a">Inteligencia artificial</subfield>
</datafield>
<datafield ind1=" " ind2=" " tag="653">
<subfield code="a">Monumentos históricos-Medición</subfield>
</datafield>
<datafield ind1=" " ind2=" " tag="653">
<subfield code="a">Monumentos históricos-Rehabilitación</subfield>
</datafield>
<datafield ind1=" " ind2=" " tag="653">
<subfield code="a">Arquitectura-Conservación y restauración</subfield>
</datafield>
<datafield tag="245" ind1="0" ind2="0">
<subfield code="a">Extracción de información geométrica y semántica mediante el tratamiento de datos 2D/3D para labores de documentación y rehabilitación del patrimonio arquitectónico</subfield>
</datafield>
</record></metadata></record></GetRecord></OAI-PMH>